000 00243nam a2200097Ia 4500
008 230508s1986 xx 000 0 und d
041 _aeng
100 _aLEVENTHAL L.A.
245 _aINTRODUCTION TO MICROPROCESSOR,S/W,H/W PROG.
260 _c1986
999 _c731924
_d731924